MARC

LEADER 00000cam a2200000 7i4500
001 0000026302
005 20151008.0
008 150708 my a eng
040 |a INS 
090 0 0 |a BV2 
110 1 |a Business valuation : Modul 1 - Basic accounting principles and corporate finance ,   |d 2014 11 - 15 August   |c INSPEN, Bangi 
245 0 0 |a Business valuation : Modul 1 - Basic accounting principles and corporate finance :   |b 11 - 15 August 2014   |c Organised by Valuation and Property Services Centre, INSPEN 
260 |a Bangi :   |b Institut Penilaian Negara ,   |c 2014 
300 |a 1v. (Various pagings) :   |b ill. ;   |c 30 cm. 
650 0 |a Real estate business   |x Valuation 
710 1 |a INSPEN ( Institut Penilaian Negara ) 
856 |u http://app.inspen.gov.my:7779/pls/portal/docs/PAGE/CORPORATEPAGES/PORTAL_INSPEN/NOTA_KURSUS/KEWANGAN/BUSINESS%20VALUATION%20-%20MODULE%201%20BASIC%20ACCOUNTING%20PRINCIPLES%20AND%20CORPORATE%20FINANCE.PDF 
999 |a BV00000002   |b BOOK   |c Course Notes   |e Default branch 
999 |a BV00000003   |b BOOK   |c Course Notes   |e Default branch 
999 |a BV00000004   |b BOOK   |c Course Notes   |e Default branch